Introductory mathematical analysis for business, economics, and the life and social sciences : test item file (Record no. 2827)

000 -LEADER
fixed length control field 00816nam a22002177a 4500
003 - CONTROL NUMBER IDENTIFIER
control field OSt
005 - DATE AND TIME OF LATEST TRANSACTION
control field 20210722065152.0
008 - FIXED-LENGTH DATA ELEMENTS--GENERAL INFORMATION
fixed length control field 210722b ||||| |||| 00| 0 eng d
020 ## - INTERNATIONAL STANDARD BOOK NUMBER
International Standard Book Number 0130340235
020 ## - INTERNATIONAL STANDARD BOOK NUMBER
International Standard Book Number 9780130340238
040 ## - CATALOGING SOURCE
Transcribing agency alupe university
050 ## - LIBRARY OF CONGRESS CALL NUMBER
Classification number HF659
Item number .H33 2002
100 ## - MAIN ENTRY--PERSONAL NAME
Personal name Ernest F Haeussler
245 ## - TITLE STATEMENT
Title Introductory mathematical analysis for business, economics, and the life and social sciences : test item file
250 ## - EDITION STATEMENT
Edition statement 10th ed
260 ## - PUBLICATION, DISTRIBUTION, ETC.
Place of publication, distribution, etc. Englewood Cliffs, N.J.
Name of publisher, distributor, etc. Prentice Hall,
Date of publication, distribution, etc. ©2002.
300 ## - PHYSICAL DESCRIPTION
Extent 490 pages
Size of unit 27 cm
650 ## - SUBJECT ADDED ENTRY--TOPICAL TERM
Topical term or geographic name entry element Mathematical analysis -- Problems, exercises, etc. Economics, Mathematical -- Problems, exercises, etc. Business mathematics -- Problems, exercises, etc.
700 ## - ADDED ENTRY--PERSONAL NAME
Personal name ; Richard S Paul
942 ## - ADDED ENTRY ELEMENTS (KOHA)
Source of classification or shelving scheme
Koha item type Book
Suppress in OPAC DO
Holdings
Withdrawn status Lost status Source of classification or shelving scheme Damaged status Not for loan Permanent Location Current Location Shelving location Date acquired Source of acquisition Total Checkouts Full call number Barcode Date last seen Price effective from Koha item type Public note
          AU LIBRARY AU LIBRARY Open Shelf 22.07.2021 donation from moi university   HF659 .H33 2002 28000827 22.07.2021 22.07.2021 Book DO

Powered by Koha